|
|
|
|
| LEADER |
00000nab a2200000 a 4500 |
| 001 |
vtls010094031 |
| 003 |
SK-MaSNL |
| 005 |
20260426085850.0 |
| 008 |
250507c2010 xo |||||||||||000 b|slo |
| 015 |
|
|
|a SNBRB2010/05
|2 snkbucl
|
| 035 |
|
|
|a urn:nbn:sk:snk-ab8850
|
| 035 |
|
|
|a (urnnbn)urn:nbn:sk:snk:ar-006q15
|
| 035 |
|
|
|a (uuid)b5995ebc-fe0a-4eaa-9c8c-276394c26726
|
| 038 |
|
|
|a SNKBUCL
|
| 040 |
|
|
|a SNKBUCL
|b slo
|c SNKBUCL
|e AACR2
|
| 041 |
0 |
|
|a slo
|
| 044 |
|
|
|a xo
|c SK
|
| 080 |
|
|
|a 631.157
|x (437.6)
|2 1997
|
| 080 |
|
|
|a 631.57
|x (437.6)
|2 1997
|
| 080 |
|
|
|a 339.187.42
|x (437.6)
|2 1997
|
| 100 |
1 |
|
|a Dukes, Marián
|4 ivr
|4 aut
|9 267535
|
| 245 |
1 |
0 |
|a Symbióza hospodárskeho zvieraťa a človeka je základom života na našom vidieku
|c Marián Dukes, Stanislav Becík
|
| 300 |
|
|
|b Fotogr.
|
| 650 |
0 |
7 |
|a poľnohospodárske produkty
|2 snkbucl
|9 66611
|
| 650 |
0 |
7 |
|a priamy predaj
|2 snkbucl
|9 117134
|
| 651 |
|
7 |
|a Slovensko
|2 snkbucl
|9 14231
|
| 700 |
1 |
|
|a Becík, Stanislav,
|d 1952-
|4 ive
|9 253788
|
| 773 |
0 |
|
|t Slovenský chov
|g Roč. XV, č. 4 (2010), s. 26-27
|x 1335-1990
|
| 850 |
|
|
|a Slovenská národná knižnica
|
| 852 |
|
|
|a Slovenská národná knižnica
|
| 954 |
|
|
|a odborná, vedecká literatúra pôvodná (slovenská)
|2 lita
|
| 958 |
|
|
|a article9
|
| 958 |
|
|
|a OND
|
| 958 |
|
|
|a SK
|
| 958 |
|
|
|a EUIPO
|
| 999 |
|
|
|c 2974521
|d 2976451
|